| 000 | 00830nam a2200253 i 4500 | ||
|---|---|---|---|
| 001 | bg | ||
| 100 | 1 | _aAFFELT, Waldemar J. | |
| 245 | 1 | 0 |
_aDziedzictwo w budownictwie albo O obiektach budowlanych jako dobrach kultury ksiąg dziesięć / _cWaldemar J. Affelt ; Politechnika Gdańska. Wydział Budownictwa Lądowego. |
| 260 |
_aGdańsk : _bWydaw. PG, _c1999. |
||
| 300 |
_a182 s. : _bil. ; _c24 cm. |
||
| 504 | _aBibliogr. | ||
| 650 | 9 |
_aArchitektura _xzabytki |
|
| 650 | 9 | _aBudownictwo | |
| 650 | 9 |
_aOchrona zabytków _xzagadnienia |
|
| 650 | 9 | _aTradycja a architektura | |
| 710 | 0 |
_aPolitechnika Gdańska _bWydział Budownictwa Lądowego |
|
| 020 | _a8388007165 | ||
| 040 | _cBPK | ||
| 041 | 0 | _apl | |
| 080 | _a72:624:69](091) | ||
| 920 | _a83-88007-16-5 | ||
| 942 | _cKS | ||
| 008 | s pl f |000 0 pol | ||
| 999 |
_c38424 _d38424 |
||
| 856 |
_uhttp://koha.tu.koszalin.pl/cgi-bin/koha/opac-detail.pl?biblionumber=38424 _yKatalog online BPK |
||